Open-channel hydraulics / (Record no. 1778)
[ view plain ]
| 000 -LEADER | |
|---|---|
| fixed length control field | 00605cam a2200241ua 4500 |
| 020 ## - INTERNATIONAL STANDARD BOOK NUMBER | |
| ISBN | 0-07-085906-x |
| 041 ## - LANGUAGE CODE | |
| Language code of text/sound track or separate title | eng |
| 082 ## - DEWEY DECIMAL CLASSIFICATION NUMBER | |
| Classification number | 532.54 |
| Item number | CHO/OP |
| 100 ## - MAIN ENTRY--AUTHOR NAME | |
| Personal name | Chow, Vente . |
| 245 ## - TITLE STATEMENT | |
| Title | Open-channel hydraulics / |
| 250 ## - EDITION STATEMENT | |
| Edition statement | 1 / |
| 260 ## - PUBLICATION, DISTRIBUTION, ETC. (IMPRINT) | |
| Place of publication | : |
| Name of publisher | Mc Graw Hill Book Company , |
| Year of publication | 1959. |
| 300 ## - PHYSICAL DESCRIPTION | |
| Number of Pages | 680 : |
| Other physical details | ` ; . |
| 500 ## - GENERAL NOTE | |
| General note | 18335, 18336, 18337 Scheme |
| 942 ## - ADDED ENTRY ELEMENTS (KOHA) | |
| Koha item type | Books |
| Withdrawn status | Lost status | Damaged status | Home library | Current library | Date acquired | Full call number | Accession Number | Koha item type | Shelving location |
|---|---|---|---|---|---|---|---|---|---|
| KAUAET | KAUAET | 07/04/2012 | 532.54 | 17655 | Books | ||||
| KAUAET | KAUAET | 07/04/2012 | 532.54 | 15678 | Books | ||||
| KAUAET | KAUAET | 07/04/2012 | 532.54 | 18337 | Books | Scheme | |||
| KAUAET | KAUAET | 07/04/2012 | 532.54 | 18335 | Books | Scheme | |||
| KAUAET | KAUAET | 07/04/2012 | 532.54 | 18336 | Books | Scheme |
